Örökifjú a százéves Radnóti

Elmentve itt :
Bibliográfiai részletek
Szerző: Panek József
Dokumentumtípus: Cikk
Megjelent: 1996-10-04
Sorozat:Délmagyarország 86 No. 232
Kulcsszavak:Gál Béla, Radnóti Gimnázium
Online Access:http://dmarchiv.bibl.u-szeged.hu/93962
LEADER 00468nab a2200157 i 4500
001 delm93962
005 20191011132656.0
008 191011s1996 hu o 0|| hun d
040 |a SZTE Délmagyarország Archívum  |b hun 
041 |a hun 
100 1 |a Panek József 
245 1 0 |a Örökifjú a százéves Radnóti  |h [elektronikus dokumentum] /  |c  Panek József 
260 |c 1996-10-04 
300 |a 7 
490 0 |a Délmagyarország  |v 86 No. 232 
695 |a Gál Béla, Radnóti Gimnázium